000 00334nam a22001457a 4500
008 210519b ||||| |||| 00| 0 eng d
020 _a9780072493610
041 _aeng
080 _a621
082 _a621
100 _a26
101 _aMEK
245 _aCustomized Linear Control Systems Engineering
_cDriels,M
942 _2udc
_cBK
999 _c57540
_d57540